Minnesota United current squad - Statistics

General Stats
  • This quiz has been taken 5 times
  • The average score is 15 of 29
Answer Stats
Number Player % Correct
21 Bongokuhle Hlongwane
100%
23 Adrien Hunou
67%
12 Bakaye Dibassy
67%
14 Brent Kallman
67%
77 Chase Gasper
67%
97 Dayne St. Clair
67%
26 D.J. Taylor
67%
10 Emanuel Reynoso
67%
7 Franco Fragapane
67%
33 Kervin Arriaga
67%
9 Luis Amarilla
67%
15 Michael Boxall
67%
17 Robin Lod
67%
20 Wil Trapp
67%
18 Abu Danladi
33%
25 Aziel Jackson
33%
4 Callum Montgomery
33%
13 Eric Dick
33%
99 Fred Emmings
33%
31 Hassani Dotson
33%
5 Jacori Hayes
33%
24 Justin McMaster
33%
36 Nabi Kibunguchy
33%
11 Niko Hansen
33%
91 Oniel Fisher
33%
29 Patrick Weah
33%
19 Romain Métanire
33%
16 Tani Oluwaseyi
33%
1 Tyler Miller
33%
No matching quizzes found
Score Distribution
Percent of People with Each Score
Percentile by Number Answered
Your Score History
You have not taken this quiz